450 nouveaux exercices Grammaire niveau interme'diaire
Gồm 450 bài tập ôn tập về tiếng Pháp
Zapisane w:
| 1. autor: | |
|---|---|
| Kolejni autorzy: | |
| Format: | Książka |
| Język: | Undetermined |
| Wydane: |
Tp. Hồ Chí Minh
Tổng hợp Tp. Hồ Chí Minh
2007
|
| Hasła przedmiotowe: | |
| Dostęp online: | http://lrc.tdmu.edu.vn/opac/search/detail.asp?aID=2&ID=15520 |
| Etykiety: |
Dodaj etykietę
Nie ma etykietki, Dołącz pierwszą etykiete!
|
| Thư viện lưu trữ: | Trung tâm Học liệu Trường Đại học Thủ Dầu Một |
|---|
| LEADER | 00790nam a2200229Ia 4500 | ||
|---|---|---|---|
| 001 | TDMU_15520 | ||
| 008 | 210410s9999 xx 000 0 und d | ||
| 082 | |a 445.076 | ||
| 090 | |b S313 | ||
| 100 | |a Sire'jols, E'velyne | ||
| 245 | 0 | |a 450 nouveaux exercices | |
| 245 | 0 | |b Grammaire niveau interme'diaire | |
| 245 | 0 | |c E'velyne Sire'jols, Dominique Renaud | |
| 260 | |a Tp. Hồ Chí Minh | ||
| 260 | |b Tổng hợp Tp. Hồ Chí Minh | ||
| 260 | |c 2007 | ||
| 300 | |a 211tr. | ||
| 520 | |a Gồm 450 bài tập ôn tập về tiếng Pháp | ||
| 650 | |a Tiếng Pháp |x Ngữ pháp | ||
| 700 | |a Renaud, Dominique | ||
| 856 | |u http://lrc.tdmu.edu.vn/opac/search/detail.asp?aID=2&ID=15520 | ||
| 980 | |a Trung tâm Học liệu Trường Đại học Thủ Dầu Một | ||